Inculturación, teología y economía.

שמור ב:
מידע ביבליוגרפי
מחבר ראשי: López López, Edgar Antonio (autor)
מחברים אחרים: Martínez Garavito, Jhon Steve (autor), Otero André, Roberto (autor), Román Hernández, Carlos Eduardo (autor), Suárez Medina, Gabriel Alfonso (autor)
פורמט: לא ידוע
שפה:אנגלית
יצא לאור: Bogotá, D.C., Colombia: Pontificia Universidad Javeriana, 2008.
מהדורה:Primera edición.
סדרה:Religión, Cultura y Sociedad,
נושאים:
תגים: הוספת תג
אין תגיות, היה/י הראשונ/ה לתייג את הרשומה!

MARC

LEADER 00000 a2200000 4500
003 CL-VaPUC
005 20230418095106.0
008 230414t2008 ||||| |||| 00| 0 eng d
999 |c 439714  |d 439712 
020 |a 978-958-716-115-1 
040 |c Pontificia Universidad Católica de Valparaíso 
082 |2 22  |a 261.85 LOP 2008  
100 |a López López, Edgar Antonio  |9 879306  |e autor 
245 |a Inculturación, teología y economía.  
250 |a Primera edición.  
260 |a Bogotá, D.C., Colombia:   |b Pontificia Universidad Javeriana,   |c 2008.  
300 |a 119 páginas.  
490 |a Religión, Cultura y Sociedad,   |n  28.  
583 |k GC  |c 20230414 
650 0 |9 258766  |a Teología   |x Aspectos económicos  |z América Latina   |z Colombia  
650 0 |9 255471  |a Teología de la liberación   |x Diálogo   |x Economía   |z América Latina  |z Colombia  
650 0 |9 881331  |a Cristianismo  |x Aspectos económicos   |z América latina  |z Colombia  
700 |9 881491  |a Martínez Garavito, Jhon Steve   |e autor 
700 |9 881492  |a Otero André, Roberto  |e autor 
700 |9 881380  |a Román Hernández, Carlos Eduardo  |e autor  
700 |9 881347  |a Suárez Medina, Gabriel Alfonso  |e autor 
942 |2 ddc  |c BK 
952 |0 0  |1 0  |2 ddc  |4 0  |6 261_850000000000000_LOP_2008  |7 0  |8 A  |9 589450  |a BIBTEO  |b BIBTEO  |c GEN  |d 2023-04-05  |e 178  |g 5466.22  |i 5656970  |o 261.85 LOP 2008  |p 5656970  |r 2025-01-17  |t 1  |v 5466.22  |w 2023-04-05  |y BK  |k ICR